Rural Water Supply and Santation / (Record no. 3106)
[ view plain ]
| 000 -LEADER | |
|---|---|
| fixed length control field | 00429cam a2200169ua 4500 |
| 041 ## - LANGUAGE CODE | |
| Language code of text/sound track or separate title | eng |
| 082 ## - DEWEY DECIMAL CLASSIFICATION NUMBER | |
| Classification number | 628.7 |
| Item number | WRI/RU |
| 100 ## - MAIN ENTRY--AUTHOR NAME | |
| Personal name | Wright, Forrest B . |
| 245 ## - TITLE STATEMENT | |
| Title | Rural Water Supply and Santation / |
| 250 ## - EDITION STATEMENT | |
| Edition statement | 2 / |
| 260 ## - PUBLICATION, DISTRIBUTION, ETC. (IMPRINT) | |
| Place of publication | New york : |
| Name of publisher | John Wiley & Sons , |
| Year of publication | 1956. |
| 300 ## - PHYSICAL DESCRIPTION | |
| Number of Pages | 347 ; . |
| 942 ## - ADDED ENTRY ELEMENTS (KOHA) | |
| Koha item type | Books |
| Withdrawn status | Lost status | Damaged status | Home library | Current library | Date acquired | Full call number | Accession Number | Koha item type |
|---|---|---|---|---|---|---|---|---|
| KAUAET | KAUAET | 07/04/2012 | 628.7 | 5934 | Books | |||
| Withdrawn | Damaged | KAUAET | KAUAET | 07/04/2012 | 628.7 | 8177 | Books |
